000 00731nam a2200289Ia 4500
005 20260324134153.0
008 008 260324s9999 xx 000 0 eng d
020 _a9781315253930
037 _aEBOOK
040 _aCRL
040 _beng
040 _cCRL
041 _2eng
041 _aeng
084 _qCRL
100 _aPhilippe G. Le Prestre
_91195837
245 0 _aGoverning Global Biodiversity
245 4 _bThe Evolution and Implementation of the Convention on Biological Diversity
260 _bTaylor and Francis
260 _c2002
365 _a
365 _b230
856 _uhttp://www.taylorfrancis.com/books/9781315253930
942 _cEBOOK
999 _c1795611
_d1795611